Normal view
MARC view
- Cejes, Lourdeliza G.
Entry Personal Name
001 - CONTROL NUMBER
- control field: 50781
003 - CONTROL NUMBER IDENTIFIER
- control field: OSt
005 - DATE AND TIME OF LATEST TRANSACTION
- control field: 20240123100313.0
008 - FIXED-LENGTH DATA ELEMENTS
- fixed length control field: 240123|| aca||aabn | a|a d
040 ## - CATALOGING SOURCE
- Original cataloging agency: OSt
- Transcribing agency: OSt
100 ## - HEADING--PERSONAL NAME
- Personal name: Cejes, Lourdeliza G.
670 ## - SOURCE DATA FOUND
- Source citation: Work cat.: (OSt): Cejes, Lourdeliza G., Forensic chemistry and toxicology /, ©2023.
